[Event "C.to Provinciale MO"]
[Site "Modena ITA"]
[Date "2009.12.11"]
[Round "1"]
[White "Andreolini, Mauro"]
[Black "Castelli, Antonio"]
[Result "1-0"]
[WhiteElo "2157"]
[BlackElo "1749"]
[PlyCount "43"]
[EventDate "2009.12.11"]

1. d4 d5 2. c4 dxc4 3. Nf3 Nf6 4. e3 e6 5. Bxc4 Bd6 6. O-O O-O 7. Qe2 Nc6 8. e4
e5 9. dxe5 Nxe5 10. Nxe5 Bxe5 11. Nc3 Bxh2+ 12. Kxh2 Ng4+ 13. Kg3 Qd6+ 14. f4
Qg6 15. f5 Qd6+ 16. Kxg4 g6 17. Kh3 gxf5 18. exf5 Kh8 19. Bf4 Bxf5+ 20. g4 Qg6
21. Qe5+ Kg8 22. Qxf5 1-0

[Event "C.to Provinciale MO"]
[Site "Modena ITA"]
[Date "2009.12.11"]
[Round "1"]
[White "Balboni, Lamberto"]
[Black "Di Trapani, Luigi"]
[Result "1-0"]
[WhiteElo "1885"]
[BlackElo "1501"]
[PlyCount "49"]
[EventDate "2009.12.11"]

1. e4 d6 2. d4 g6 3. Nc3 Bg7 4. f4 e6 5. Nf3 Ne7 6. Be3 O-O 7. Qd2 f5 8. O-O-O
a6 9. Bd3 b5 10. e5 d5 11. h3 Nd7 12. g4 Nb6 13. Qg2 b4 14. Ne2 a5 15. gxf5
Nxf5 16. Bxf5 exf5 17. h4 Be6 18. h5 gxh5 19. Rxh5 Bf7 20. Rg5 Bg6 21. Nh4 Qd7
22. Nxg6 hxg6 23. Rxg6 Rae8 24. Rg1 Re7 25. e6 1-0

[Event "C.to Provinciale MO"]
[Site "Modena ITA"]
[Date "2009.12.11"]
[Round "1"]
[White "Cambi, Enrico"]
[Black "Panini, Emanuele"]
[Result "0-1"]
[WhiteElo "1539"]
[BlackElo "1988"]
[PlyCount "80"]
[EventDate "2009.12.11"]

1. e4 e5 2. Nc3 Nf6 3. Bc4 Bb4 4. Nge2 c6 5. a3 Ba5 6. b4 Bb6 7. d4 exd4 8.
Nxd4 d5 9. exd5 Nxd5 10. Nxd5 cxd5 11. Bb5+ Bd7 12. Qe2+ Qe7 13. Bxd7+ Nxd7 14.
Qxe7+ Kxe7 15. Nf5+ Kf6 16. Ne3 Rhe8 17. O-O Bxe3 18. Bxe3 b6 19. Rfd1 Ke6 20.
Rd2 Ne5 21. Re1 Nc4 22. Rde2 Kd7 23. Bc1 Re6 24. f3 b5 25. Rxe6 fxe6 26. Re2 a5
27. c3 axb4 28. axb4 Ra1 29. Re1 Ra2 30. Kf1 Rc2 31. Be3 Rxc3 32. Bd4 Rb3 33.
Bc5 Ra3 34. Kf2 g6 35. Re2 e5 36. f4 e4 37. h4 Ke6 38. g3 Kf5 39. Kg2 Kg4 40.
Bf2 e3 0-1

[Event "C.to Provinciale MO"]
[Site "Modena ITA"]
[Date "2009.12.11"]
[Round "1"]
[White "Farachi, Francesco"]
[Black "Decaneto, Erick"]
[Result "1-0"]
[WhiteElo "2103"]
[BlackElo "1685"]
[PlyCount "67"]
[EventDate "2009.12.11"]

1. e4 c6 2. d4 d5 3. exd5 cxd5 4. Nf3 Nc6 5. Bd3 Bg4 6. c3 e6 7. h3 Bh5 8. O-O
Bd6 9. Re1 Nf6 10. Nbd2 O-O 11. Nf1 Rb8 12. Bg5 b5 13. a3 a5 14. Bh4 b4 15.
axb4 axb4 16. Ra6 Rc8 17. Ng3 Be7 18. Bxf6 Bxf3 19. Bxe7 Qxe7 20. Qxf3 Nb8 21.
Ra5 bxc3 22. bxc3 Rxc3 23. Bxh7+ Kxh7 24. Qxc3 Qd7 25. Rc1 Qd8 26. Qc7 Qg5 27.
Rb1 Qd2 28. Rab5 Na6 29. Qb7 Qa2 30. R1b2 Qa4 31. Rb6 Nc5 32. Qe7 Nd7 33. Rb7
Qxd4 34. Rxd7 1-0

[Event "C.to Provinciale MO"]
[Site "Modena ITA"]
[Date "2009.12.11"]
[Round "1"]
[White "Ferraguti, Francesco"]
[Black "Vincenzi, Marco"]
[Result "1/2-1/2"]
[WhiteElo "1660"]
[BlackElo "2078"]
[PlyCount "79"]
[EventDate "2009.12.11"]

1. d4 Nf6 2. c4 c5 3. Nf3 cxd4 4. Nxd4 Nc6 5. Nc3 g6 6. e4 d6 7. Be2 Bg7 8. Be3
O-O 9. O-O Nxd4 10. Bxd4 Be6 11. f3 Qa5 12. Nd5 Bxd5 13. cxd5 Nd7 14. Bxg7 Kxg7
15. Qd4+ Kg8 16. a4 Rfc8 17. Bb5 Nf6 18. Rfc1 a6 19. b4 Qd8 20. Be2 Rxc1+ 21.
Rxc1 Rc8 22. Rxc8 Qxc8 23. Qc4 Qxc4 24. Bxc4 Nd7 25. Kf2 Kg7 26. Ke3 g5 27. g3
h6 28. Be2 Kg6 29. f4 gxf4+ 30. gxf4 f5 31. Bf3 b6 32. Kd4 fxe4 33. Kxe4 a5 34.
bxa5 bxa5 35. Bd1 Nc5+ 36. Kf3 Kf6 37. Kg4 Nd3 38. Kf3 Nc5 39. Kg4 Nd3 40. Kf3
1/2-1/2

[Event "C.to Provinciale MO"]
[Site "Modena ITA"]
[Date "2009.12.11"]
[Round "1"]
[White "Ferretti, Alessandro"]
[Black "Serra, Mattia"]
[Result "1-0"]
[WhiteElo "1941"]
[BlackElo "1524"]
[PlyCount "93"]
[EventDate "2009.12.11"]

1. e4 c6 2. d4 d5 3. e5 Bf5 4. Nc3 e6 5. g4 Bg6 6. Nge2 Nd7 7. Nf4 Bb4 8. h4
Be4 9. f3 Qa5 10. Bd2 c5 11. a3 Bxc3 12. Bxc3 Bxf3 13. Bxa5 Bxd1 14. Rxd1 cxd4
15. Bb5 a6 16. Bxd7+ Kxd7 17. Rxd4 Ne7 18. Bc3 Nc6 19. Rd2 Ke7 20. Bb4+ Kd7 21.
Nd3 Nxb4 22. Nxb4 Rac8 23. Rf1 Ke7 24. Rf4 Rc7 25. Rdf2 Rf8 26. Nd3 Rcc8 27.
Rb4 b5 28. a4 Rc4 29. axb5 Rb8 30. b3 Rxb4 31. Nxb4 Rxb5 32. Nc6+ Ke8 33. Nd4
Rb4 34. c3 Rb6 35. Ra2 Kd7 36. b4 Kd8 37. Kd2 Kd7 38. g5 Kd8 39. Nb3 Kc7 40.
Nc5 Kd8 41. Nxa6 Kd7 42. Nc5+ Ke7 43. Ra7+ Ke8 44. Kd3 Rb8 45. Na6 Rc8 46. b5
g6 47. b6 1-0

[Event "C.to Provinciale MO"]
[Site "Modena ITA"]
[Date "2009.12.11"]
[Round "1"]
[White "Franchini, Gabriele"]
[Black "Dionigi, Riccardo"]
[Result "1-0"]
[WhiteElo "2179"]
[BlackElo "1828"]
[PlyCount "67"]
[EventDate "2009.12.11"]

1. e4 e5 2. Nf3 Nc6 3. d4 exd4 4. Nxd4 Bc5 5. Be3 Qf6 6. c3 Nge7 7. g3 d6 8.
Bg2 O-O 9. O-O Bb6 10. Na3 Be6 11. Qd2 h6 12. f4 Rad8 13. Ndb5 Rc8 14. Rf2 Bxe3
15. Qxe3 a6 16. Nd4 Rb8 17. Nac2 Rfd8 18. h3 Na5 19. b3 c5 20. Nf3 Nec6 21. g4
Qe7 22. Rd1 b5 23. Rfd2 c4 24. b4 Nb7 25. Ncd4 Nxd4 26. Nxd4 Qc7 27. f5 Bd7 28.
f6 g5 29. h4 Bxg4 30. Rf1 Kh7 31. Bh3 Qd7 32. Nf5 Bxh3 33. Qxh3 g4 34. Qe3 1-0

[Event "C.to Provinciale MO"]
[Site "Modena ITA"]
[Date "2009.12.11"]
[Round "1"]
[White "Landi, Filippo"]
[Black "De Biaggi, Paolo"]
[Result "1-0"]
[WhiteElo "1491"]
[BlackElo "1878"]
[PlyCount "57"]
[EventDate "2009.12.11"]

1. e4 e5 2. Nf3 Nf6 3. Nxe5 d6 4. Nf3 Nxe4 5. d3 Nf6 6. Nc3 Be7 7. Be2 Nc6 8.
O-O h6 9. Be3 Be6 10. Qd2 Qd7 11. Rfe1 O-O-O 12. a3 d5 13. Nd4 Nxd4 14. Bxd4 c5
15. Be5 Ne8 16. d4 c4 17. b3 f6 18. Bg3 g5 19. bxc4 dxc4 20. Reb1 Qxd4 21. Nb5
Qc5 22. Qa5 a6 23. a4 f5 24. Be5 Rg8 25. Bf3 Bd5 26. Na7+ Qxa7 27. Bxd5 b6 28.
Rxb6 Rxd5 29. Rc6+ 1-0

[Event "C.to Provinciale MO"]
[Site "Modena ITA"]
[Date "2009.12.11"]
[Round "1"]
[White "Paoli, Walter"]
[Black "Del Gaiso, Massimo"]
[Result "1-0"]
[WhiteElo "2075"]
[BlackElo "1614"]
[PlyCount "73"]
[EventDate "2009.12.11"]

1. e4 d5 2. exd5 c6 3. dxc6 Nxc6 4. Nf3 Bg4 5. Bc4 e6 6. O-O Nf6 7. c3 Qc7 8.
d4 Bd6 9. h3 Bh5 10. Nbd2 O-O 11. Bd3 Bf4 12. Ne4 Nd5 13. g3 Bxc1 14. Rxc1 f5
15. Nc5 Rf6 16. Re1 Re8 17. Be2 b6 18. Nd3 Rg6 19. Nfe5 Nxe5 20. Nxe5 Bxe2 21.
Qxe2 Nf4 22. Qb5 Re7 23. Nxg6 Nxg6 24. Qd3 f4 25. d5 Qd6 26. Rcd1 e5 27. Re4
Rf7 28. Rc4 Ne7 29. Re4 g5 30. Qb5 fxg3 31. fxg3 Qg6 32. Rxe5 Qf6 33. Qe2 Nf5
34. Re8+ Kg7 35. Qe5 Qxe5 36. Rxe5 Nxg3 37. Rxg5+ 1-0

[Event "C.to Provinciale MO"]
[Site "Modena ITA"]
[Date "2009.12.11"]
[Round "1"]
[White "Setti, Roberto"]
[Black "Frigieri, Fabrizio"]
[Result "0-1"]
[WhiteElo "1721"]
[BlackElo "2130"]
[PlyCount "120"]
[EventDate "2009.12.11"]

1. c4 e6 2. Nf3 d5 3. g3 Nf6 4. Bg2 Nbd7 5. b3 Bd6 6. O-O O-O 7. Nc3 c6 8. d4
Qe7 9. c5 Bc7 10. b4 e5 11. e3 Re8 12. a4 a6 13. Bd2 Nf8 14. Nxe5 Bxe5 15. dxe5
Qxe5 16. a5 Bg4 17. Qc2 Qh5 18. Rfc1 Ne6 19. h4 Rad8 20. Na4 Nd7 21. Bc3 Ne5
22. Bxe5 Qxe5 23. Nb6 Qh5 24. Re1 h6 25. Qb2 Bf3 26. Rab1 Qg4 27. Bxf3 Qxf3 28.
Qe2 Nd4 29. Qb2 Nf5 30. Qe2 Qe4 31. Qf1 Re6 32. Qg2 Qg4 33. Kh2 Rg6 34. Qh3 Qf3
35. Rf1 Re8 36. Rb2 Re4 37. Nc8 Rgg4 38. Qg2 Nxh4 39. Qxf3 Nxf3+ 40. Kh3 Rxb4
41. Rfb1 Rxb2 42. Rxb2 Ra4 43. Rxb7 Rxa5 44. Rb6 Rxc5 45. Rxa6 Ng5+ 46. Kg2 Kf8
47. Na7 Rc2 48. Nxc6 g6 49. Ra8+ Kg7 50. Nb4 Rd2 51. Rd8 Ne4 52. Rxd5 Rxf2+ 53.
Kg1 Re2 54. Re5 Nxg3 55. Nd5 h5 56. Nf4 Ra2 57. Rg5 Ne2+ 58. Nxe2 Rxe2 59. Rg3
f5 60. Kf1 Ra2 0-1

[Event "C.to Provinciale MO"]
[Site "Modena ITA"]
[Date "2009.12.11"]
[Round "1"]
[White "Trangoni, Bruno"]
[Black "Venturelli, Ester"]
[Result "1-0"]
[WhiteElo "2015"]
[BlackElo "1557"]
[PlyCount "143"]
[EventDate "2009.12.11"]

1. d4 d5 2. Bf4 Nf6 3. Nf3 Nc6 4. e3 Bf5 5. c4 e6 6. Nc3 Be7 7. Qb3 Rb8 8. cxd5
exd5 9. Be2 O-O 10. O-O a6 11. Rac1 Na7 12. h3 Nc8 13. Nb5 Bd6 14. Nxc7 Bxf4
15. exf4 Ne7 16. Ne5 Nc6 17. Qb6 Nd7 18. Nxd7 Qxd7 19. Bf3 Be6 20. Nxe6 Qxe6
21. Rfe1 Qd6 22. g3 Qb4 23. Qxb4 Nxb4 24. Rc7 Nxa2 25. Bxd5 Nb4 26. Bxb7 Rfe8
27. Rxe8+ Rxe8 28. d5 Kf8 29. d6 Rd8 30. d7 Ke7 31. Rc4 a5 32. Bc8 Nd5 33. Rc6
Nf6 34. Ra6 Nxd7 35. Bxd7 Rxd7 36. Rxa5 Rb7 37. Ra2 g6 38. Kf1 Rc7 39. b4 Rc1+
40. Ke2 Rb1 41. Ra7+ Kf6 42. Rb7 Rb2+ 43. Kf3 Rb3+ 44. Kg2 Rb2 45. b5 h6 46. b6
Ke6 47. g4 Kf6 48. h4 Ke6 49. Rb8 Kf6 50. b7 Rb3 51. f3 Rb2+ 52. Kg3 Kg7 53. g5
h5 54. f5 gxf5 55. Kf4 Rb3 56. Ke5 Re3+ 57. Kd4 Rb3 58. Kc5 Rb1 59. f4 Rc1+ 60.
Kd6 Rb1 61. Ke5 Rb5+ 62. Kd4 Rb1 63. Rc8 Rxb7 64. Rc5 Rb1 65. Ke5 Rh1 66. Kxf5
Rxh4 67. Rc7 Kf8 68. Ra7 Rh1 69. Kf6 Re1 70. Rxf7+ Kg8 71. g6 Rg1 72. Rc7 1-0

[Event "C.to Provinciale MO"]
[Site "Modena ITA"]
[Date "2009.12.11"]
[Round "1"]
[White "Venturelli, Giuseppe"]
[Black "Di Trapani, Davide"]
[Result "0-1"]
[WhiteElo "1518"]
[BlackElo "1913"]
[PlyCount "44"]
[EventDate "2009.12.11"]

1. e4 e5 2. Nf3 Nc6 3. d4 exd4 4. Nxd4 Bc5 5. Be3 Qf6 6. c3 Nge7 7. Bc4 Ne5 8.
Be2 d5 9. Nd2 Bb6 10. Qc2 O-O 11. O-O Bd7 12. Bd3 Ng4 13. exd5 Nxd5 14. Nc4
Ndxe3 15. Nxe3 Nxe3 16. fxe3 Qh6 17. Qd2 Rad8 18. Bc4 c5 19. Nc2 Bc7 20. h3
Bxh3 21. Qf2 Be6 22. Qe2 Bh2+ 0-1

[Event "C.to Provinciale MO"]
[Site "Modena ITA"]
[Date "2009.12.11"]
[Round "1"]
[White "Verrelli, Adriano"]
[Black "Camerini, Lorenzo"]
[Result "0-1"]
[WhiteElo "1611"]
[BlackElo "2073"]
[PlyCount "86"]
[EventDate "2009.12.11"]

1. e4 c5 2. Nf3 d6 3. d4 cxd4 4. Nxd4 Nf6 5. Bc4 e6 6. Nc3 a6 7. O-O b5 8. Bd3
Be7 9. Re1 Bb7 10. Be3 O-O 11. a3 Nc6 12. Nce2 Ng4 13. Nxc6 Bxc6 14. Nd4 Nxe3
15. Nxc6 Nxd1 16. Nxd8 Nxb2 17. Nc6 Bf6 18. Rab1 Nxd3 19. cxd3 Rfc8 20. Rbc1
Kf8 21. d4 Rc7 22. Rc2 d5 23. exd5 exd5 24. Nb4 Rxc2 25. Nxc2 a5 26. Rb1 Rc8
27. Ne3 Rb8 28. Nxd5 Bxd4 29. Nc7 b4 30. axb4 Rxb4 31. Rxb4 axb4 32. Nb5 Bc5
33. Kf1 Ke7 34. Ke2 Kd7 35. Kd3 Bxf2 36. Nd4 Bxd4 37. Kxd4 Kd6 38. Kc4 Ke5 39.
Kxb4 Ke4 40. Kc4 f5 41. h4 Kf4 42. Kd4 Kg4 43. Ke5 Kxh4 0-1

[Event "C.to Provinciale MO"]
[Site "Modena ITA"]
[Date "2009.12.11"]
[Round "1"]
[White "Zuccaro, Guido"]
[Black "Sciortino, Massimo"]
[Result "0-1"]
[WhiteElo "1765"]
[BlackElo "2179"]
[PlyCount "59"]
[EventDate "2009.12.11"]

1. c4 e5 2. Nc3 d6 3. g3 f5 4. Bg2 Nf6 5. d3 Be7 6. e4 O-O 7. Nge2 Qe8 8. exf5
Nc6 9. Nd5 Bd8 10. O-O Bxf5 11. Nec3 Kh8 12. b4 Qg6 13. b5 Nd4 14. Nxf6 Bxf6
15. Ne4 Rae8 16. Bb2 Be7 17. Bxd4 exd4 18. Qd2 c6 19. Qa5 d5 20. cxd5 cxd5 21.
Nd2 Bxd3 22. Rfd1 Bc5 23. Re1 Bb6 24. Qb4 Qf6 25. Nf3 Be4 26. Nh4 Qxf2+ 27. Kh1
Bxg2+ 28. Nxg2 Rxe1+ 29. Qxe1 Qxe1+ 30. Rxe1 0-1

[Event "C.to Provinciale MO"]
[Site "Modena ITA"]
[Date "2009.12.12"]
[Round "2"]
[White "Camerini, Lorenzo"]
[Black "Paoli, Walter"]
[Result "0-1"]
[WhiteElo "2073"]
[BlackElo "2075"]
[PlyCount "42"]
[EventDate "2009.12.11"]

1. d4 Nf6 2. Nc3 d5 3. Bg5 e6 4. e4 dxe4 5. Nxe4 Be7 6. Bxf6 Bxf6 7. Nf3 Nd7 8.
Bd3 O-O 9. Qe2 c5 10. c3 cxd4 11. cxd4 Qb6 12. O-O-O Bxd4 13. Nxd4 Qxd4 14. Bb5
Qb6 15. Kb1 Nc5 16. Rd6 Qc7 17. Rc1 f5 18. Rxc5 Qe7 19. Re5 fxe4 20. Rdxe6 Bxe6
21. Rxe6 Qg5 0-1

[Event "C.to Provinciale MO"]
[Site "Modena ITA"]
[Date "2009.12.12"]
[Round "2"]
[White "Castelli, Antonio"]
[Black "Cambi, Enrico"]
[Result "0-1"]
[WhiteElo "1749"]
[BlackElo "1539"]
[PlyCount "94"]
[EventDate "2009.12.11"]

1. e4 e6 2. d4 d5 3. exd5 exd5 4. Nf3 Nf6 5. Bd3 Bd6 6. O-O O-O 7. Nc3 Bg4 8.
Bg5 c6 9. Be2 Nbd7 10. h3 Bh5 11. Nh4 Bxe2 12. Nxe2 Re8 13. Nf5 Bf8 14. Bf4 Nb6
15. a4 Nc4 16. b3 Nd6 17. Nxd6 Bxd6 18. Bxd6 Qxd6 19. Ng3 Ne4 20. Nxe4 Rxe4 21.
Re1 Rae8 22. Qd2 Qe7 23. Kf1 Kf8 24. f3 Rxe1+ 25. Rxe1 Qxe1+ 26. Qxe1 Rxe1+ 27.
Kxe1 Ke7 28. Ke2 Ke6 29. Ke3 b6 30. b4 Kd6 31. c3 a6 32. h4 Ke6 33. Kf4 h6 34.
g4 g6 35. g5 h5 36. Ke3 Kf5 37. Kd3 f6 38. gxf6 Kxf6 39. Ke3 g5 40. Kf2 gxh4
41. Kg2 Kf5 42. Kh3 Kg5 43. b5 axb5 44. axb5 cxb5 45. f4+ Kxf4 46. Kxh4 Ke4 47.
Kxh5 Kd3 0-1

[Event "C.to Provinciale MO"]
[Site "Modena ITA"]
[Date "2009.12.12"]
[Round "2"]
[White "Decaneto, Erick"]
[Black "Venturelli, Giuseppe"]
[Result "1-0"]
[WhiteElo "1685"]
[BlackElo "1518"]
[PlyCount "56"]
[EventDate "2009.12.11"]

1. d4 d5 2. c4 Nc6 3. Nc3 e6 4. Nf3 Bb4 5. a3 Bxc3+ 6. bxc3 b6 7. Bf4 Bb7 8. e3
Rc8 9. Qa4 Nge7 10. cxd5 Qxd5 11. Bb5 Qd7 12. Ne5 Qd5 13. O-O O-O 14. c4 Qd8
15. Nxc6 Bxc6 16. Bxc6 h6 17. Rac1 a5 18. c5 Rb8 19. Bf3 Nd5 20. Bxd5 Qxd5 21.
Bxc7 Rb7 22. cxb6 Ra8 23. Qc6 Qxc6 24. Rxc6 Rc8 25. Rc5 a4 26. Rb1 Kh7 27. Rb4
f6 28. Rxa4 e5 1-0

[Event "C.to Provinciale MO"]
[Site "Modena ITA"]
[Date "2009.12.12"]
[Round "2"]
[White "Del Gaiso, Massimo"]
[Black "De Biaggi, Paolo"]
[Result "0-1"]
[WhiteElo "1614"]
[BlackElo "1878"]
[PlyCount "96"]
[EventDate "2009.12.11"]

1. e4 e5 2. d4 exd4 3. c3 dxc3 4. Nxc3 d6 5. Bc4 Be6 6. Bxe6 fxe6 7. Qb3 Qc8 8.
Nf3 Be7 9. Nd4 Kf7 10. Nce2 c5 11. Nxe6 Qxe6 12. Qxb7 Nf6 13. Qxa8 d5 14. exd5
Nxd5 15. O-O Rd8 16. Nf4 Qa6 17. Re1 Nc6 18. Qxd8 Bxd8 19. Nxd5 Nd4 20. Re4 Qd3
21. Nc3 Nc2 22. Rb1 Bf6 23. Rf4 Nd4 24. Ra1 Ne2+ 25. Kh1 Nxf4 26. Bxf4 Bxc3 27.
bxc3 Qxc3 28. Rc1 Qb4 29. Be3 c4 30. Bxa7 Qa3 31. Be3 Qxa2 32. h4 Qb3 33. Kh2
c3 34. g4 c2 35. Kg2 Qd5+ 36. Kg3 Qd3 37. Kg2 Ke6 38. h5 Kd5 39. Kg3 Kc4 40.
Kg2 Kb3 41. Bf4 Qe4+ 42. Kg3 Kb2 43. Rf1 Qe2 44. Rg1 Qd1 45. Kh2 Qf3 46. Be5+
Kb3 47. Bg3 Qxg4 48. Re1 Qxh5+ 0-1

[Event "C.to Provinciale MO"]
[Site "Modena ITA"]
[Date "2009.12.12"]
[Round "2"]
[White "Di Trapani, Davide"]
[Black "Andreolini, Mauro"]
[Result "1-0"]
[WhiteElo "1913"]
[BlackElo "2157"]
[PlyCount "89"]
[EventDate "2009.12.11"]

1. e4 c5 2. Nf3 e6 3. d4 cxd4 4. Nxd4 Nc6 5. Nc3 a6 6. Be3 Qc7 7. g3 b5 8. Bg2
Bb7 9. O-O Nxd4 10. Bxd4 Ne7 11. Qg4 h5 12. Qe2 Rc8 13. Rac1 Qc4 14. Rfd1 b4
15. Qxc4 Rxc4 16. Ne2 Nc6 17. Be3 Bc5 18. Bxc5 Rxc5 19. c3 bxc3 20. Nxc3 Ne5
21. Na4 Rxc1 22. Rxc1 Bc6 23. Nc5 a5 24. Nb3 a4 25. Nd4 Ke7 26. f4 Nd3 27.
Nxc6+ dxc6 28. Rxc6 Nxb2 29. Rc7+ Kf6 30. e5+ Kg6 31. Be4+ f5 32. exf6+ Kxf6
33. Rc6 Ke7 34. Rb6 Nd1 35. Rb4 Nc3 36. a3 Rd8 37. Bc6 Rd1+ 38. Kg2 Rd2+ 39.
Kf3 Ra2 40. Bxa4 Rxa3 41. Rb7+ Kf6 42. Be8 Ra8 43. Rf7+ Kg6 44. Rf8+ Kh6 45.
Rh8# 1-0

[Event "C.to Provinciale MO"]
[Site "Modena ITA"]
[Date "2009.12.12"]
[Round "2"]
[White "Di Trapani, Luigi"]
[Black "Setti, Roberto"]
[Result "0-1"]
[WhiteElo "1501"]
[BlackElo "1721"]
[PlyCount "70"]
[EventDate "2009.12.11"]

1. d4 f5 2. Nf3 Nf6 3. Bf4 e6 4. e3 c5 5. Bd3 Nc6 6. c3 cxd4 7. exd4 Be7 8.
Nbd2 d5 9. O-O O-O 10. Qc2 Ne4 11. a3 a5 12. b4 Bd6 13. Bxd6 Qxd6 14. b5 Ne7
15. c4 b6 16. cxd5 exd5 17. Ne5 Ng6 18. f4 Be6 19. Qb2 Rac8 20. Rac1 Nxd2 21.
Qxd2 Nxe5 22. fxe5 Qxa3 23. Rxc8 Bxc8 24. Qc2 g6 25. g4 f4 26. Bxg6 Qe3+ 27.
Rf2 Bxg4 28. Bxh7+ Kh8 29. Qd3 Rc8 30. Qxe3 fxe3 31. Rc2 Kxh7 32. Rxc8 Bxc8 33.
Kf1 Bg4 34. e6 Kg7 35. h4 Kf6 0-1

[Event "C.to Provinciale MO"]
[Site "Modena ITA"]
[Date "2009.12.12"]
[Round "2"]
[White "Dionigi, Riccardo"]
[Black "Verrelli, Adriano"]
[Result "1/2-1/2"]
[WhiteElo "1828"]
[BlackElo "1611"]
[PlyCount "127"]
[EventDate "2009.12.11"]

1. d4 c6 2. c4 d5 3. Nc3 Nf6 4. Nf3 g6 5. Bf4 Bg7 6. e3 Nh5 7. Bg3 Bg4 8. cxd5
Nxg3 9. hxg3 cxd5 10. Bb5+ Nc6 11. Qa4 Qd6 12. Bxc6+ bxc6 13. Ne5 Bd7 14. Nxd7
Qxd7 15. Rc1 O-O 16. O-O Rfb8 17. Qc2 a5 18. Na4 Rb4 19. b3 e5 20. dxe5 Bxe5
21. Qxc6 Qxc6 22. Rxc6 d4 23. exd4 Rxd4 24. Nb6 Ra7 25. Nc4 Bg7 26. Re1 Bf8 27.
Rc8 Kg7 28. Ree8 Bb4 29. Rcd8 Rxd8 30. Rxd8 a4 31. Rb8 axb3 32. axb3 Ra1+ 33.
Kh2 Be1 34. f3 Rb1 35. Rb7 h5 36. g4 h4 37. g5 Bg3+ 38. Kh3 Rh1+ 39. Kg4 Rh2
40. Ne3 Bf2 41. Re7 Rh1 42. f4 Rb1 43. Kf3 Bg1 44. f5 Bxe3 45. Rxe3 gxf5 46.
Kf4 Kg6 47. Rh3 Rf1+ 48. Rf3 Re1 49. Rc3 Re4+ 50. Kf3 Kxg5 51. Rc4 Re1 52. b4
Rb1 53. Rd4 Rb3+ 54. Kf2 f4 55. Re4 Kg4 56. Re7 Rxb4 57. Rxf7 Rb2+ 58. Kf1 Kg3
59. Rg7+ Kh2 60. Rg4 Rb1+ 61. Kf2 Rb2+ 62. Kf3 Rb3+ 63. Kxf4 Rb4+ 64. Kf3
1/2-1/2

[Event "C.to Provinciale MO"]
[Site "Modena ITA"]
[Date "2009.12.12"]
[Round "2"]
[White "Frigieri, Fabrizio"]
[Black "Ferretti, Alessandro"]
[Result "1-0"]
[WhiteElo "2130"]
[BlackElo "1941"]
[PlyCount "97"]
[EventDate "2009.12.11"]

1. e4 c5 2. Nf3 Nc6 3. d4 cxd4 4. Nxd4 Nf6 5. Nc3 e5 6. Ndb5 d6 7. Bg5 a6 8.
Na3 b5 9. Bxf6 gxf6 10. Nd5 f5 11. exf5 Bxf5 12. c3 Bg7 13. Nc2 O-O 14. Nce3
Be6 15. a4 b4 16. cxb4 Nd4 17. Rc1 Kh8 18. Bc4 f5 19. f4 Bxd5 20. Nxd5 exf4 21.
O-O f3 22. gxf3 Qh4 23. f4 Ra7 24. Kh1 Re8 25. Rg1 Ne6 26. Qd2 Bd4 27. Rge1 Bg7
28. Re2 Qh5 29. Re3 Nd4 30. Rce1 Rxe3 31. Qxe3 Ra8 32. Qg3 h6 33. Rg1 Qf3+ 34.
Qxf3 Nxf3 35. Rg3 Nd2 36. Bd3 Ne4 37. Bxe4 fxe4 38. Re3 Re8 39. Nc7 Rc8 40.
Nxa6 d5 41. b5 Bd4 42. Re2 h5 43. Nb4 h4 44. h3 Rc1+ 45. Kg2 Rg1+ 46. Kh2 Rd1
47. Nxd5 Bg1+ 48. Kg2 e3 49. Nxe3 1-0

[Event "C.to Provinciale MO"]
[Site "Modena ITA"]
[Date "2009.12.12"]
[Round "2"]
[White "Garofalo, Sergio"]
[Black "Balboni, Lamberto"]
[Result "0-1"]
[WhiteElo "1833"]
[BlackElo "1885"]
[PlyCount "104"]
[EventDate "2009.12.11"]

1. d4 d5 2. Nf3 Nf6 3. b3 Bf5 4. Nh4 Bg6 5. Ba3 c6 6. f3 Nbd7 7. e3 a5 8. Nxg6
hxg6 9. Bd3 e6 10. Bxf8 Kxf8 11. e4 Qc7 12. e5 Nxe5 13. g3 Nxd3+ 14. Qxd3 e5
15. O-O e4 16. Qc3 exf3 17. Rxf3 Ne4 18. Qd3 a4 19. b4 Re8 20. Nd2 Qd7 21. Raf1
f6 22. Re3 Qh3 23. Nf3 Rh5 24. Re2 Rf5 25. Rg2 Qg4 26. Nh4 Rxf1+ 27. Qxf1 Kf7
28. Nf3 Qf5 29. c4 Kg8 30. c5 Nc3 31. Rf2 Qb1 32. Qxb1 Nxb1 33. Kf1 Nc3 34. Nh4
Kf7 35. g4 Re4 36. Nf3 Ke7 37. h3 Rf4 38. Kg2 Nb5 39. Re2+ Re4 40. Rd2 Re3 41.
h4 Ra3 42. Re2+ Kd7 43. g5 Nc3 44. gxf6 gxf6 45. Rb2 Rxa2 46. Rd2 Rxd2+ 47.
Nxd2 Na2 48. Nb1 Nxb4 49. Na3 Kc7 50. Kg3 b6 51. Kf4 bxc5 52. dxc5 Nd3+ 0-1

[Event "C.to Provinciale MO"]
[Site "Modena ITA"]
[Date "2009.12.12"]
[Round "2"]
[White "Molinelli, Luigi"]
[Black "Farachi, Francesco"]
[Result "0-1"]
[WhiteElo "1077"]
[BlackElo "2103"]
[PlyCount "49"]
[EventDate "2009.12.11"]

1. d4 Nf6 2. Nf3 g6 3. c4 Bg7 4. e3 d6 5. Nc3 O-O 6. Bd3 Nc6 7. O-O e5 8. d5
Ne7 9. e4 Ne8 10. Qc2 Bg4 11. Be2 Kh8 12. Nd1 Bxf3 13. Bxf3 f5 14. Nc3 Ng8 15.
b3 Rf7 16. g3 Qf6 17. Bg2 f4 18. f3 Bh6 19. Ne2 fxg3 20. Nxg3 Bf4 21. Qf2 Ng7
22. Bb2 Qg5 23. Bh1 Be3 24. Bc1 Bxf2+ 25. Kxf2 0-1

[Event "C.to Provinciale MO"]
[Site "Modena ITA"]
[Date "2009.12.12"]
[Round "2"]
[White "Panini, Emanuele"]
[Black "Franchini, Gabriele"]
[Result "0-1"]
[WhiteElo "1988"]
[BlackElo "2179"]
[PlyCount "52"]
[EventDate "2009.12.11"]

1. e4 e6 2. d4 d5 3. exd5 exd5 4. Nf3 Bd6 5. Bd3 Nc6 6. c3 Nge7 7. O-O Bg4 8.
Be3 Qd7 9. Nbd2 Nf5 10. Re1 O-O-O 11. Bxf5 Qxf5 12. Qb1 Qh5 13. b4 f6 14. Qd3
g5 15. g3 Ne7 16. Kg2 Ng6 17. Ng1 Rhg8 18. Ndf3 Nh4+ 19. Nxh4 gxh4 20. Qf1 Bf5
21. Qe2 Be4+ 22. Kf1 Qf5 23. Qd2 hxg3 24. hxg3 Rxg3 25. Ke2 Qg4+ 26. f3 Rxf3
0-1

[Event "C.to Provinciale MO"]
[Site "Modena ITA"]
[Date "2009.12.12"]
[Round "2"]
[White "Sciortino, Massimo"]
[Black "Trangoni, Bruno"]
[Result "1-0"]
[WhiteElo "2179"]
[BlackElo "2015"]
[PlyCount "39"]
[EventDate "2009.12.11"]

1. d4 g6 2. e4 Bg7 3. Nc3 d6 4. g3 Nf6 5. Bg2 c6 6. a4 a5 7. Nge2 O-O 8. O-O
Nbd7 9. h3 h6 10. Be3 Nb6 11. f3 Bd7 12. Qd2 Kh7 13. Rad1 Qc7 14. Kh1 Rfd8 15.
f4 c5 16. dxc5 dxc5 17. Qe1 c4 18. e5 Ne8 19. Qf2 Ra6 20. Nb5 1-0

[Event "C.to Provinciale MO"]
[Site "Modena ITA"]
[Date "2009.12.12"]
[Round "2"]
[White "Venturelli, Ester"]
[Black "Zuccaro, Guido"]
[Result "0-1"]
[WhiteElo "1557"]
[BlackElo "1765"]
[PlyCount "76"]
[EventDate "2009.12.11"]

1. e4 e6 2. d4 d5 3. e5 c5 4. c3 Qb6 5. Nf3 Bd7 6. Be2 Bb5 7. O-O Bxe2 8. Qxe2
Nc6 9. Be3 cxd4 10. cxd4 Nge7 11. Nc3 Nf5 12. Qd2 Be7 13. Rab1 O-O 14. a3 f6
15. Rfd1 fxe5 16. Ne2 exd4 17. Nexd4 Ncxd4 18. Nxd4 Bc5 19. b4 Bxd4 20. Bxd4
Nxd4 21. Qxd4 Qxd4 22. Rxd4 Rac8 23. Re1 Rc3 24. a4 Rf6 25. f3 Rc2 26. b5 Rg6
27. Rg4 Rxg4 28. fxg4 Kf7 29. Rb1 Rc4 30. a5 Rxg4 31. a6 b6 32. Rc1 Rc4 33.
Rf1+ Ke7 34. Rb1 Rc5 35. Kf2 e5 36. Re1 Ke6 37. Rb1 e4 38. Rb4 Ke5 0-1

[Event "C.to Provinciale MO"]
[Site "Modena ITA"]
[Date "2009.12.12"]
[Round "2"]
[White "Vincenzi, Marco"]
[Black "Landi, Filippo"]
[Result "1-0"]
[WhiteElo "2078"]
[BlackElo "1491"]
[PlyCount "61"]
[EventDate "2009.12.11"]

1. e4 e5 2. Nf3 Nc6 3. Bb5 a6 4. Ba4 Nf6 5. O-O Bc5 6. c3 b5 7. Bb3 d6 8. d4
exd4 9. cxd4 Bb6 10. h3 h6 11. a4 b4 12. e5 dxe5 13. dxe5 Qxd1 14. Rxd1 Ne4 15.
Bd5 Bxf2+ 16. Kf1 Bd7 17. Bxe4 Bb6 18. Nbd2 Rd8 19. Nc4 Bc5 20. Be3 Bxe3 21.
Nxe3 O-O 22. Rxd7 Rxd7 23. Bxc6 Rd3 24. Ke2 Rdd8 25. Nc4 f6 26. e6 Rb8 27. Rd1
Rfc8 28. Rd7 Kf8 29. Nh4 Ke8 30. Rf7+ Kd8 31. e7# 1-0